Statistics for Formula One Winners since 2010

Click here to take the quiz!

General Stats

  • This quiz has been taken 117 times
  • The average score is 236 of 242

Answer Stats

Grand Prix1st% Correct
2010 Belgian Grand Prix | 2010 Canadian Grand Prix | 2010 Turkish Grand Prix | +89 othersLewis Hamilton
100%
2016 Spanish Grand Prix | 2017 Malaysian Grand Prix | 2017 Mexican Grand Prix | +20 othersMax Verstappen
100%
2019 Belgian Grand Prix | 2019 Italian Grand Prix | 2022 Australian Grand Prix | 2022 Bahrain Grand PrixCharles Leclerc
98%
2010 Abu Dhabi Grand Prix | 2010 Brazilian Grand Prix | 2010 European Grand Prix | +45 othersSebastian Vettel
98%
2014 Belgian Grand Prix | 2014 Canadian Grand Prix | 2014 Hungarian Grand Prix | +5 othersDaniel Ricciardo
97%
2010 Bahrain Grand Prix | 2010 German Grand Prix | 2010 Italian Grand Prix | +8 othersFernando Alonso
97%
2012 Abu Dhabi Grand Prix | 2013 Australian Grand Prix | 2018 United States Grand PrixKimi Raikkonen
96%
2010 Australian Grand Prix | 2010 Chinese Grand Prix | 2011 Canadian Grand Prix | +5 othersJenson Button
95%
2017 Abu Dhabi Grand Prix | 2017 Austrian Grand Prix | 2017 Russian Grand Prix | +7 othersValtteri Bottas
95%
2021 Hungarian Grand PrixEsteban Ocon
93%
2012 Chinese Grand Prix | 2013 British Grand Prix | 2013 Monaco Grand Prix | +20 othersNico Rosberg
93%
2020 Italian Grand PrixPierre Gasly
93%
2020 Sakhir Grand Prix | 2021 Azerbaijan Grand PrixSergio Perez
92%
2010 British Grand Prix | 2010 Hungarian Grand Prix | 2010 Monaco Grand Prix | +4 othersMark Webber
89%
2012 Spanish Grand PrixPastor Maldonado
77%

Score Distribution

Percentile by Number Answered

Percent of People with Each Score

Your Score History

You have not taken this quiz